000
00254 a2200109 4500
001
72192
082
_a
297.1247 ROB
090
_c
38813
_d
38813
100
_a
Robson,J
245
_a
Mishkat ul- Masabih (Vol-II)
_c
Robson
260
_a
Lahore
_b
Sh M Ashraf
942
_a
CAENUST
_k
297.1247 ROB
999
_c
307265
_d
307265